000 00787nmc a2200289 a 4500
003 AR-BaBNM
005 20251128211316.0
008 193120s2003 ||||||||||||||000 | spa||
020 _a84-7432-991-4
040 _cAR-BaBNM
100 1 _aFierro, María Cecilia
245 1 0 _aMirar la práctica docente desde los valores
250 _a1ª ed.
260 _aBarcelona
_bGedisa
_c2003
300 _a301 p.
490 0 _aBiblioteca de Educación. Pedagogía de los valores
_vv. 5
504 _aContiene referencias bibliográficas p. 297-301
650 4 _aVALORES
650 4 _aETICA
650 4 _aNORMAS
650 4 _aROL DEL DOCENTE
653 _aEDUCACION EN VALORES
700 1 _aCarbajal, Patricia
800 1 _aSchmelkes, Sylvia
942 _cBK
998 _craquel
999 _c19095
_d19095